[Event "4NCL/Div1/GUI1 vs. BRI1"]
[Site "Coventry ENG"]
[Date "2007.01.13"]
[Round "5.1"]
[White "Rowson, Jonathan"]
[Black "Berzinsh, Roland"]
[Result "1-0"]
[WhiteElo "2592"]
[BlackElo "2438"]
[PlyCount "65"]
[EventDate "2007.01.13"]
[EventType "team"]
[EventRounds "11"]
[EventCountry "ENG"]
[WhiteTeam "Guildford-ADC 1"]
[BlackTeam "Bristol 1"]

1. d4 Nf6 2. c4 e6 3. Nc3 Bb4 4. Qc2 Nc6 5. Nf3 d6 6. Bd2 O-O 7. a3 Bxc3 8.
Bxc3 Qe7 9. g3 e5 10. d5 Nb8 11. Nh4 Nh5 12. e4 g6 13. Bd3 a5 14. O-O-O Nd7 15.
Qd2 Nc5 16. Bc2 a4 17. f4 f6 18. f5 g5 19. Ng2 Ng7 20. h4 h6 21. Ne3 Bd7 22.
Ng4 h5 23. Nh6+ Kh7 24. hxg5 fxg5 25. Ng4 Qd8 26. Qe3 Kg8 27. Nxe5 Nxe4 28.
Nxd7 Nxc3 29. Qxc3 Qxd7 30. f6 Ne8 31. Rxh5 Nxf6 32. Rxg5+ Kf7 33. Rf1 1-0

[Event "4NCL/Div1/GUI1 vs. BRI1"]
[Site "Coventry ENG"]
[Date "2007.01.13"]
[Round "5.2"]
[White "Cobb, Charles"]
[Black "Hebden, Mark L"]
[Result "1/2-1/2"]
[WhiteElo "2405"]
[BlackElo "2540"]
[PlyCount "79"]
[EventDate "2007.01.13"]
[EventType "team"]
[EventRounds "11"]
[EventCountry "ENG"]
[WhiteTeam "Bristol 1"]
[BlackTeam "Guildford-ADC 1"]

1. d4 Nf6 2. c4 g6 3. Nc3 Bg7 4. e4 d6 5. Nf3 O-O 6. Be2 e5 7. dxe5 dxe5 8.
Qxd8 Rxd8 9. Bg5 Nbd7 10. O-O-O Rf8 11. Nd5 c6 12. Ne7+ Kh8 13. Be3 b6 14. Nxc8
Raxc8 15. g4 Rc7 16. Nd2 Nc5 17. Bxc5 bxc5 18. h4 Nd7 19. Nb3 Bf6 20. Na5 Nb8
21. Kc2 Kg7 22. h5 Rd8 23. Rxd8 Bxd8 24. Rd1 Bh4 25. f3 Kf8 26. a3 Ke7 27. hxg6
hxg6 28. b4 Rd7 29. Rxd7+ Kxd7 30. b5 Kc7 31. Nxc6 Nxc6 32. bxc6 Kxc6 33. Bd3
Kd6 34. Kd1 Ke7 35. Bb1 Kf6 36. Ke2 Bg5 37. a4 Bc1 38. Bd3 Ba3 39. Kd1 Bb4 40.
Ke2 1/2-1/2

[Event "4NCL/Div1/GUI1 vs. BRI1"]
[Site "Coventry ENG"]
[Date "2007.01.13"]
[Round "5.3"]
[White "Kosten, Anthony C"]
[Black "Rudd, Jack"]
[Result "1-0"]
[WhiteElo "2534"]
[BlackElo "2359"]
[PlyCount "33"]
[EventDate "2007.01.13"]
[EventType "team"]
[EventRounds "11"]
[EventCountry "ENG"]
[WhiteTeam "Guildford-ADC 1"]
[BlackTeam "Bristol 1"]

1. c4 c5 2. g3 g6 3. Bg2 Bg7 4. Nc3 Nc6 5. a3 e5 6. b4 cxb4 7. axb4 Nxb4 8. Ba3
Nc6 9. Nb5 Nge7 10. Bd6 O-O 11. Bc7 Qe8 12. Nd6 Nf5 13. Nxe8 Rxe8 14. c5 e4 15.
Ra4 Nfd4 16. e3 Ne6 17. Bd6 1-0

[Event "4NCL/Div1/GUI1 vs. BRI1"]
[Site "Coventry ENG"]
[Date "2007.01.13"]
[Round "5.4"]
[White "Beaumont, Chris"]
[Black "Conquest, Stuart C"]
[Result "0-1"]
[WhiteElo "2314"]
[BlackElo "2536"]
[PlyCount "86"]
[EventDate "2007.01.13"]
[EventType "team"]
[EventRounds "11"]
[EventCountry "ENG"]
[WhiteTeam "Bristol 1"]
[BlackTeam "Guildford-ADC 1"]

1. d4 Nf6 2. c4 e6 3. Nf3 b6 4. e3 Bb7 5. Bd3 c5 6. O-O d6 7. Nc3 Nbd7 8. a3
Be7 9. b4 O-O 10. d5 exd5 11. cxd5 Ne5 12. Be2 Rc8 13. b5 Nxf3+ 14. Bxf3 Nd7
15. Bb2 Bf6 16. Qc2 Re8 17. Rad1 Qe7 18. a4 Rc7 19. Ne4 Bxb2 20. Qxb2 Ra8 21.
Nc3 Qf6 22. Qc2 a6 23. Be2 axb5 24. Nxb5 Rcc8 25. Bg4 Rd8 26. Bxd7 Rxd7 27. Nc3
Bc8 28. Rb1 Rb7 29. Rb2 Bf5 30. e4 Bd7 31. Rfb1 h6 32. h3 Qd8 33. e5 dxe5 34.
Qe4 Qg5 35. d6 Rab8 36. Re1 Ra7 37. Qxe5 Re8 38. Qxe8+ Bxe8 39. Rxe8+ Kh7 40.
Nb5 Rxa4 41. d7 Ra1+ 42. Kh2 Qf4+ 43. g3 Qf3 0-1

[Event "4NCL/Div1/GUI1 vs. BRI1"]
[Site "Coventry ENG"]
[Date "2007.01.13"]
[Round "5.5"]
[White "King, Daniel J"]
[Black "Sherwin, James T"]
[Result "1-0"]
[WhiteElo "2528"]
[BlackElo "2249"]
[PlyCount "113"]
[EventDate "2007.01.13"]
[EventType "team"]
[EventRounds "11"]
[EventCountry "ENG"]
[WhiteTeam "Guildford-ADC 1"]
[BlackTeam "Bristol 1"]

1. e4 e5 2. Nf3 Nc6 3. Bb5 a6 4. Ba4 Nf6 5. O-O Be7 6. Re1 b5 7. Bb3 d6 8. c3
O-O 9. d4 Bg4 10. d5 Na5 11. Bc2 Qc8 12. h3 Bd7 13. Bg5 h6 14. Bh4 c6 15. dxc6
Qxc6 16. Nbd2 Be6 17. Nh2 Rfe8 18. Nhf1 Rad8 19. Ne3 Ng4 20. hxg4 Bxh4 21. b4
Nb7 22. Bb3 Bg5 23. Nd5 Qc8 24. Nf3 Bxg4 25. Qd3 Bxf3 26. Qxf3 Qc6 27. a4 Ra8
28. Ra2 Rab8 29. axb5 axb5 30. Rea1 Nd8 31. Ra7 Rb7 32. Ra8 Qd7 33. R1a6 Rf8
34. Nb6 Qc7 35. Nd5 Qd7 36. Nb6 Qc7 37. Rc8 Qe7 38. Nd5 Qd7 39. Raa8 Ra7 40.
Qd3 Rxa8 41. Rxa8 Ne6 42. Ra6 Rb8 43. Rxd6 Qa7 44. g3 Qa1+ 45. Kg2 Qe1 46. Bd1
Bd8 47. Bg4 Ra8 48. Ne3 Bc7 49. Rc6 Ra1 50. Qf1 Qxf1+ 51. Nxf1 Ra7 52. Bxe6
fxe6 53. Rxe6 Kf7 54. Rc6 Ke7 55. Ne3 Bd8 56. Rc5 Rb7 57. Rxe5+ 1-0

[Event "4NCL/Div1/GUI1 vs. BRI1"]
[Site "Coventry ENG"]
[Date "2007.01.13"]
[Round "5.7"]
[White "Pert, Nicholas"]
[Black "Crockart, Scott"]
[Result "1-0"]
[WhiteElo "2518"]
[BlackElo "2137"]
[PlyCount "45"]
[EventDate "2007.01.13"]
[EventType "team"]
[EventRounds "11"]
[EventCountry "ENG"]
[WhiteTeam "Guildford-ADC 1"]
[BlackTeam "Bristol 1"]

1. d4 Nf6 2. Nf3 e6 3. c4 b6 4. Nc3 Bb4 5. Bg5 h6 6. Bh4 Bb7 7. Nd2 O-O 8. e4
g5 9. Bg3 Bxe4 10. h4 Bg6 11. hxg5 hxg5 12. Qf3 Nc6 13. Bxc7 Nxd4 14. Qh3 Bh5
15. Nde4 Bxc3+ 16. Qxc3 Nxe4 17. Qxd4 Qxc7 18. Rxh5 f5 19. Rh8+ Kf7 20. Rh7+
Ke8 21. Qg7 Qd6 22. Be2 Nf6 23. Rd1 1-0

[Event "4NCL/Div1/GUI1 vs. BRI1"]
[Site "Coventry ENG"]
[Date "2007.01.13"]
[Round "5.8"]
[White "James, Ann-Marie"]
[Black "Ciuksyte, Dagne"]
[Result "0-1"]
[WhiteElo "2063"]
[BlackElo "2450"]
[PlyCount "52"]
[EventDate "2007.01.13"]
[EventType "team"]
[EventRounds "11"]
[EventCountry "ENG"]
[WhiteTeam "Bristol 1"]
[BlackTeam "Guildford-ADC 1"]

1. e4 c5 2. c3 Nf6 3. e5 Nd5 4. d4 cxd4 5. Nf3 e6 6. cxd4 d6 7. Bc4 Nc6 8. O-O
Be7 9. exd6 Qxd6 10. Nc3 O-O 11. Re1 Nxc3 12. bxc3 b6 13. Qe2 Bb7 14. Bg5 Rac8
15. Bd3 Na5 16. Bxe7 Qxe7 17. Rac1 Rfd8 18. Ne5 Qg5 19. f3 Rc7 20. Bc2 Bd5 21.
f4 Qxf4 22. Rf1 Qg5 23. c4 Bb7 24. Qf2 f6 25. h4 Qxg2+ 26. Qxg2 Bxg2 0-1

[Event "4NCL/Div1/BAR1 vs. BET"]
[Site "Coventry ENG"]
[Date "2007.01.13"]
[Round "5.1"]
[White "Parker, Jonathan"]
[Black "Pert, Richard G"]
[Result "1/2-1/2"]
[WhiteElo "2522"]
[BlackElo "2450"]
[PlyCount "83"]
[EventDate "2007.01.13"]
[EventType "team"]
[EventRounds "11"]
[EventCountry "ENG"]
[WhiteTeam "Barbican 4NCL 1"]
[BlackTeam "Betsson.com"]

1. d4 Nf6 2. c4 e6 3. Nf3 d5 4. Nc3 dxc4 5. e3 a6 6. a4 c5 7. Bxc4 Nc6 8. O-O
Be7 9. Qe2 cxd4 10. Rd1 e5 11. exd4 exd4 12. Nxd4 Nxd4 13. Qe5 Qd6 14. Qxd4
Qxd4 15. Rxd4 Bc5 16. Rd1 O-O 17. Bg5 Be6 18. Bxe6 fxe6 19. Bxf6 gxf6 20. Ne4
Bb4 21. Rd4 a5 22. Rad1 Rac8 23. h4 Be7 24. Nd6 Bxd6 25. Rxd6 Rc4 26. h5 Rxa4
27. Rxe6 Rh4 28. Rd5 f5 29. h6 a4 30. g3 Rg4 31. Rb5 f4 32. Kg2 fxg3 33. fxg3
Rb8 34. Kh3 Rg6 35. Rxg6+ hxg6 36. Kg4 Kh7 37. Kg5 b6 38. Rd5 Rb7 39. Rd6 Re7
40. Rxb6 Re5+ 41. Kg4 Kxh6 42. Rb4 1/2-1/2

[Event "4NCL/Div1/BAR1 vs. BET"]
[Site "Coventry ENG"]
[Date "2007.01.13"]
[Round "5.2"]
[White "Hunt, Adam C"]
[Black "Knott, Simon"]
[Result "1/2-1/2"]
[WhiteElo "2461"]
[BlackElo "2372"]
[PlyCount "48"]
[EventDate "2007.01.13"]
[EventType "team"]
[EventRounds "11"]
[EventCountry "ENG"]
[WhiteTeam "Betsson.com"]
[BlackTeam "Barbican 4NCL 1"]

1. e4 e6 2. d4 d5 3. Nc3 Bb4 4. e5 c5 5. a3 Bxc3+ 6. bxc3 Ne7 7. a4 Nbc6 8. Nf3
Qa5 9. Bd2 Bd7 10. Bb5 a6 11. Bd3 c4 12. Be2 O-O-O 13. O-O f5 14. Qb1 Rdg8 15.
Bc1 Kb8 16. Ba3 Nc8 17. Qb2 Nd8 18. Rfb1 Bc6 19. Nd2 Qc7 20. Bc5 g5 21. Qa3 Nf7
22. Ra2 g4 23. Rab2 f4 24. Kf1 h5 1/2-1/2

[Event "4NCL/Div1/BAR1 vs. BET"]
[Site "Coventry ENG"]
[Date "2007.01.13"]
[Round "5.3"]
[White "Collinson, Adam"]
[Black "Ansell, Simon"]
[Result "1/2-1/2"]
[WhiteElo "2384"]
[BlackElo "2393"]
[PlyCount "31"]
[EventDate "2007.01.13"]
[EventType "team"]
[EventRounds "11"]
[EventCountry "ENG"]
[WhiteTeam "Barbican 4NCL 1"]
[BlackTeam "Betsson.com"]

1. e4 c5 2. Nf3 Nc6 3. Bb5 e6 4. O-O Nge7 5. c3 d5 6. exd5 Qxd5 7. d4 cxd4 8.
c4 Qd6 9. Qxd4 Qxd4 10. Nxd4 Bd7 11. Nxc6 Bxc6 12. Nc3 Rc8 13. Rd1 a6 14. Bxc6+
Rxc6 15. b3 Ng6 16. Bb2 1/2-1/2

[Event "4NCL/Div1/BAR1 vs. BET"]
[Site "Coventry ENG"]
[Date "2007.01.13"]
[Round "5.4"]
[White "Webb, Laurence E"]
[Black "Ferguson, Mark"]
[Result "1/2-1/2"]
[WhiteElo "2309"]
[BlackElo "2403"]
[PlyCount "28"]
[EventDate "2007.01.13"]
[EventType "team"]
[EventRounds "11"]
[EventCountry "ENG"]
[WhiteTeam "Betsson.com"]
[BlackTeam "Barbican 4NCL 1"]

1. e4 e5 2. Nf3 Nf6 3. Nxe5 d6 4. Nf3 Nxe4 5. Nc3 Nxc3 6. dxc3 Be7 7. Be3 O-O
8. Qd2 Nc6 9. Be2 Ne5 10. h3 Bf6 11. O-O-O b6 12. Nd4 Bb7 13. f4 Nd7 14. Bf3
Bxf3 1/2-1/2

[Event "4NCL/Div1/BAR1 vs. BET"]
[Site "Coventry ENG"]
[Date "2007.01.13"]
[Round "5.5"]
[White "Collins, Sam"]
[Black "Duncan, Christopher R"]
[Result "1-0"]
[WhiteElo "2398"]
[BlackElo "2309"]
[PlyCount "51"]
[EventDate "2007.01.13"]
[EventType "team"]
[EventRounds "11"]
[EventCountry "ENG"]
[WhiteTeam "Barbican 4NCL 1"]
[BlackTeam "Betsson.com"]

1. e4 c5 2. c3 d5 3. exd5 Qxd5 4. d4 Nf6 5. Nf3 Nc6 6. Be3 e5 7. dxe5 Qxd1+ 8.
Kxd1 Ng4 9. Nbd2 Ngxe5 10. Nxe5 Nxe5 11. Ne4 Bg4+ 12. Kc2 O-O-O 13. Nxc5 Bf5+
14. Kc1 b6 15. Nb3 Nd3+ 16. Bxd3 Bxd3 17. a4 Be7 18. Nd4 Kb7 19. Rd1 Be4 20. f3
Bg6 21. a5 Bd6 22. a6+ Ka8 23. Nc6 Rd7 24. Ra4 Re8 25. Rad4 Rxe3 26. Rxd6 1-0

[Event "4NCL/Div1/BAR1 vs. BET"]
[Site "Coventry ENG"]
[Date "2007.01.13"]
[Round "5.6"]
[White "Ledger, David J"]
[Black "Cox, John J"]
[Result "0-1"]
[WhiteElo "2291"]
[BlackElo "2404"]
[PlyCount "102"]
[EventDate "2007.01.13"]
[EventType "team"]
[EventRounds "11"]
[EventCountry "ENG"]
[WhiteTeam "Betsson.com"]
[BlackTeam "Barbican 4NCL 1"]

1. e4 e5 2. Bc4 Nc6 3. d3 Nf6 4. Nf3 Bc5 5. c3 a6 6. Bb3 d6 7. Nbd2 O-O 8. Nf1
Ng4 9. Ne3 Nxe3 10. Bxe3 Bxe3 11. fxe3 Na5 12. Bc2 c5 13. O-O Bg4 14. Qe1 b5
15. Qg3 Bxf3 16. Rxf3 b4 17. cxb4 cxb4 18. Ba4 Rc8 19. Raf1 b3 20. axb3 Qb6 21.
Qg4 Rc7 22. Bd7 Nxb3 23. Rxf7 Rxf7 24. Qe6 Qxe3+ 25. Kh1 Qf4 26. Qe8+ Rf8 27.
Be6+ Rcf7 28. Rxf4 Rxe8 29. Bxf7+ Kh8 30. Bxe8 exf4 31. Bf7 Nd4 32. Kg1 g5 33.
g3 Kg7 34. Bh5 Kf6 35. gxf4 gxf4 36. Kf2 Ke5 37. Bf7 a5 38. Bc4 Nc6 39. Kf3
Nd4+ 40. Kf2 Nc6 41. Kf3 a4 42. h4 Nd4+ 43. Kg4 h5+ 44. Kh3 Nf3 45. Bb5 Ne1 46.
Bxa4 Nxd3 47. Be8 Nxb2 48. Bxh5 Kxe4 49. Be2 Nd3 50. h5 Ne5 51. h6 Nf7 0-1

[Event "4NCL/Div1/BAR1 vs. BET"]
[Site "Coventry ENG"]
[Date "2007.01.13"]
[Round "5.7"]
[White "Berry, Neil"]
[Black "Ledger, Stephen C"]
[Result "1/2-1/2"]
[WhiteElo "2300"]
[BlackElo "2170"]
[PlyCount "60"]
[EventDate "2007.01.13"]
[EventType "team"]
[EventRounds "11"]
[EventCountry "ENG"]
[WhiteTeam "Barbican 4NCL 1"]
[BlackTeam "Betsson.com"]

1. d4 Nf6 2. Nf3 c5 3. d5 b5 4. Bg5 Qb6 5. Bxf6 Qxf6 6. c3 Qf5 7. e3 Bb7 8. c4
e6 9. Nc3 b4 10. e4 Qg6 11. Nb5 Qxe4+ 12. Be2 Na6 13. O-O Be7 14. Qd2 Qf5 15.
Bd3 Qf6 16. Rfe1 Qh6 17. Qc2 O-O 18. Re3 g6 19. Ne5 Rad8 20. d6 Bg5 21. Rh3 Qg7
22. Re1 f5 23. g3 Nb8 24. Nxa7 Bf6 25. Qe2 Rfe8 26. Nb5 Nc6 27. Nxc6 Bxc6 28.
Nc7 Rf8 29. b3 Bc3 30. Rd1 Bd4 1/2-1/2

[Event "4NCL/Div1/BAR1 vs. BET"]
[Site "Coventry ENG"]
[Date "2007.01.13"]
[Round "5.8"]
[White "Tidman, Sophie"]
[Black "Lauterbach, Ingrid"]
[Result "0-1"]
[WhiteElo "2092"]
[BlackElo "2130"]
[PlyCount "88"]
[EventDate "2007.01.13"]
[EventType "team"]
[EventRounds "11"]
[EventCountry "ENG"]
[WhiteTeam "Betsson.com"]
[BlackTeam "Barbican 4NCL 1"]

1. e4 c5 2. Nf3 e6 3. d4 cxd4 4. Nxd4 a6 5. Nc3 Nf6 6. e5 Ng8 7. Qg4 d5 8. Bd3
Qb6 9. Nf3 Nc6 10. O-O h5 11. Qg3 Nb4 12. Be3 Qc7 13. a4 b6 14. Rfc1 Nh6 15.
Nd4 Ng4 16. Bf4 Bc5 17. Nce2 g5 18. Bxg5 Qxe5 19. Qxe5 Nxe5 20. Bf6 Nexd3 21.
cxd3 Rh6 22. Bg5 Rg6 23. h4 e5 24. Nf3 Nxd3 25. Rc3 e4 26. Nfd4 Bd7 27. a5 b5
28. Rf1 Bb4 29. Rb3 Bxa5 30. f3 Bb6 31. Kh1 Nc5 32. Re3 Ne6 33. Rd1 Nxg5 34.
hxg5 Rxg5 35. fxe4 Re5 36. Rg3 Bg4 37. Nf3 Rxe4 38. Nc3 O-O-O 39. Nxe4 dxe4 40.
Rxd8+ Kxd8 41. Ne5 e3 42. Nxf7+ Ke7 43. Ne5 Ke6 44. Nd3 Kf5 0-1

[Event "4NCL/Div1/AD vs. GUI2"]
[Site "Coventry ENG"]
[Date "2007.01.13"]
[Round "5.2"]
[White "Cherniaev, Alexander"]
[Black "Smerdon, David"]
[Result "1-0"]
[WhiteElo "2473"]
[BlackElo "2460"]
[PlyCount "91"]
[EventDate "2007.01.13"]
[EventType "team"]
[EventRounds "11"]
[EventCountry "ENG"]
[WhiteTeam "Guildford-ADC 2"]
[BlackTeam "The ADs"]

1. e4 e5 2. Nf3 Nc6 3. Bc4 Nf6 4. d3 Bc5 5. c3 d6 6. Bb3 h6 7. h3 Bb6 8. Nbd2
Be6 9. Nc4 Qd7 10. a4 O-O 11. O-O Rfe8 12. Ba2 Bxc4 13. Bxc4 d5 14. exd5 Nxd5
15. Re1 Rad8 16. Qc2 Qf5 17. b4 a5 18. b5 Na7 19. Ra2 Bc5 20. Qb3 Nb6 21. Rae2
Nxc4 22. Qxc4 Bd6 23. d4 Nc8 24. Nxe5 Nb6 25. Qb3 Bxe5 26. Rxe5 Rxe5 27. Rxe5
Qd3 28. Re3 Qc4 29. Qxc4 Nxc4 30. Re7 Rc8 31. Bf4 Kf8 32. Rxc7 Rxc7 33. Bxc7
Ke7 34. Kf1 Kd7 35. Bf4 Nb2 36. Ke2 Nxa4 37. Kd3 Ke6 38. Bc1 Nb6 39. c4 Nc8 40.
d5+ Kd7 41. c5 b6 42. c6+ Kd6 43. Kd4 f6 44. h4 g5 45. hxg5 hxg5 46. f4 1-0

[Event "4NCL/Div1/AD vs. GUI2"]
[Site "Coventry ENG"]
[Date "2007.01.13"]
[Round "5.3"]
[White "Mestel, A Jonathan"]
[Black "Flear, Glenn C"]
[Result "1/2-1/2"]
[WhiteElo "2478"]
[BlackElo "2480"]
[PlyCount "111"]
[EventDate "2007.01.13"]
[EventType "team"]
[EventRounds "11"]
[EventCountry "ENG"]
[WhiteTeam "The ADs"]
[BlackTeam "Guildford-ADC 2"]

1. c4 e6 2. Nf3 d5 3. b3 Be7 4. Bb2 Bf6 5. Nc3 Ne7 6. g3 c5 7. Bg2 Nbc6 8. O-O
b6 9. cxd5 Nxd5 10. d4 Nxc3 11. Bxc3 Rb8 12. e3 cxd4 13. exd4 Bb7 14. Ne5 Ne7
15. Bb4 Bxg2 16. Kxg2 Bxe5 17. dxe5 Qxd1 18. Rfxd1 Nd5 19. Bd6 Rc8 20. Rac1 Kd7
21. Rc4 b5 22. Rg4 Rc2 23. Kg1 g6 24. a4 a6 25. axb5 axb5 26. Ra1 Rhc8 27. Ra7+
Ke8 28. Rd4 Re2 29. Rd3 Rc1+ 30. Kg2 Rcc2 31. Rf3 Ne3+ 32. Kh3 Nf5 33. Rd3 Red2
34. Rxd2 Rxd2 35. Bc5 h5 36. b4 Rd7 37. Ra8+ Rd8 38. Ra5 Rb8 39. Ra7 Rd8 40.
Rb7 Rd5 41. f4 Rd3 42. Rxb5 h4 43. Bf2 Rd2 44. Kg2 h3+ 45. Kf3 Rd3+ 46. Ke2 Rb3
47. Rb8+ Kd7 48. b5 Rb2+ 49. Kf3 Rb3+ 50. Ke2 Rb2+ 51. Kf3 Rb3+ 52. Kg4 Rb2 53.
Ba7 Rxh2 54. Rb7+ Kc8 55. Rb8+ Kd7 56. Rb7+ 1/2-1/2

[Event "4NCL/Div1/AD vs. GUI2"]
[Site "Coventry ENG"]
[Date "2007.01.13"]
[Round "5.4"]
[White "Plaskett, James"]
[Black "Richardson, John R"]
[Result "1-0"]
[WhiteElo "2492"]
[BlackElo "2312"]
[PlyCount "79"]
[EventDate "2007.01.13"]
[EventType "team"]
[EventRounds "11"]
[EventCountry "ENG"]
[WhiteTeam "Guildford-ADC 2"]
[BlackTeam "The ADs"]

1. d4 Nf6 2. c4 e6 3. Nf3 d5 4. Nc3 Bb4 5. g3 dxc4 6. Bg2 c5 7. O-O Nc6 8. Qa4
Bd7 9. dxc5 Bxc5 10. Qxc4 Be7 11. Rd1 O-O 12. Bg5 Rc8 13. Qf4 a6 14. Rd2 Rc7
15. Rad1 h6 16. Bxf6 Bxf6 17. Ne4 Be7 18. Nd6 Bxd6 19. Qxd6 Qc8 20. Ne5 Nxe5
21. Qxe5 Bc6 22. Rc1 Rd8 23. Rdc2 Rcd7 24. Bxc6 bxc6 25. Kg2 Rd5 26. Qe3 R8d6
27. Qb6 c5 28. Qa5 Qc6 29. f3 Qb7 30. Qc3 Qb5 31. b3 a5 32. Qc4 Qb4 33. Kf2 Rd2
34. Ke3 Qxc4 35. bxc4 Rxc2 36. Rxc2 Rd4 37. Kf2 Kf8 38. Ke1 Ke7 39. Rc3 Kd6 40.
e3 1-0

[Event "4NCL/Div1/AD vs. GUI2"]
[Site "Coventry ENG"]
[Date "2007.01.13"]
[Round "5.5"]
[White "Snape, Ian"]
[Black "Wallace, John P"]
[Result "1/2-1/2"]
[WhiteElo "2235"]
[BlackElo "2417"]
[PlyCount "90"]
[EventDate "2007.01.13"]
[EventType "team"]
[EventRounds "11"]
[EventCountry "ENG"]
[WhiteTeam "The ADs"]
[BlackTeam "Guildford-ADC 2"]

1. c4 e6 2. g3 d5 3. Bg2 Nf6 4. Nf3 Be7 5. d4 dxc4 6. Qa4+ Nbd7 7. Qxc4 a6 8.
Qc2 c5 9. O-O O-O 10. Nc3 cxd4 11. Nxd4 Bc5 12. Rd1 Qe7 13. h3 Rd8 14. Be3 Nf8
15. Rd3 Ba7 16. Nb3 Bxe3 17. Rxe3 Rb8 18. Rd1 Bd7 19. Red3 Rdc8 20. Qd2 b5 21.
Rd6 b4 22. Ne4 Bb5 23. Nxf6+ Qxf6 24. Na5 Qe5 25. Nc6 Bxc6 26. Rxc6 Rxc6 27.
Bxc6 g6 28. Ba4 Qa5 29. Bb3 Qb5 30. Qd3 a5 31. Qxb5 Rxb5 32. Rd8 Rc5 33. h4 Kg7
34. Kg2 h6 35. Kf3 g5 36. hxg5 hxg5 37. Ra8 Ng6 38. Ra7 Kf6 39. Ke3 Ne7 40. Kf3
Nf5 41. e3 Nd6 42. g4 Ke5 43. Rd7 Rc6 44. Ra7 Rc5 45. Rd7 Rc6 1/2-1/2

[Event "4NCL/Div1/AD vs. GUI2"]
[Site "Coventry ENG"]
[Date "2007.01.13"]
[Round "5.6"]
[White "Buckley, Graeme"]
[Black "Wheeler, Darren P"]
[Result "1-0"]
[WhiteElo "2384"]
[BlackElo "2242"]
[PlyCount "95"]
[EventDate "2007.01.13"]
[EventType "team"]
[EventRounds "11"]
[EventCountry "ENG"]
[WhiteTeam "Guildford-ADC 2"]
[BlackTeam "The ADs"]

1. d4 e6 2. e4 d5 3. e5 c5 4. c3 Nc6 5. Nf3 Qb6 6. a3 a5 7. Bd3 Bd7 8. Bc2 f6
9. O-O fxe5 10. Nxe5 Nxe5 11. dxe5 g6 12. c4 d4 13. Nd2 Bg7 14. Ne4 Bxe5 15.
Bg5 Ne7 16. b4 axb4 17. axb4 Rxa1 18. Qxa1 cxb4 19. c5 Qa6 20. Nd6+ Bxd6 21.
Qxd4 e5 22. Qxd6 Qxd6 23. cxd6 Nc6 24. Bb3 Nd4 25. Re1 Nxb3 26. Rxe5+ Be6 27.
Rxe6+ Kd7 28. Re7+ Kxd6 29. Rxb7 Re8 30. f3 Kc5 31. Be7+ Kc6 32. Rxb4 Rxe7 33.
Rxb3 Kd6 34. Rd3+ Kc5 35. Kf2 Kc4 36. Rd8 Kc5 37. h4 Kc6 38. Kg3 Kc7 39. Rd2
Rf7 40. h5 Rf5 41. hxg6 hxg6 42. Kg4 Ra5 43. f4 Rb5 44. g3 Ra5 45. Rh2 Kd7 46.
Rh6 Ra6 47. Kg5 Ra3 48. g4 1-0

[Event "4NCL/Div1/AD vs. GUI2"]
[Site "Coventry ENG"]
[Date "2007.01.13"]
[Round "5.7"]
[White "Cafferty, Bernard"]
[Black "Povah, Nigel E"]
[Result "0-1"]
[WhiteElo "2208"]
[BlackElo "2350"]
[PlyCount "82"]
[EventDate "2007.01.13"]
[EventType "team"]
[EventRounds "11"]
[EventCountry "ENG"]
[WhiteTeam "The ADs"]
[BlackTeam "Guildford-ADC 2"]

1. Nf3 Nf6 2. c4 c5 3. g3 b6 4. Bg2 Bb7 5. O-O e6 6. Nc3 Be7 7. Re1 O-O 8. e4
d6 9. d4 cxd4 10. Nxd4 Qc8 11. Be3 a6 12. Rc1 Nbd7 13. b3 Re8 14. f3 Qc7 15.
Bf2 Rad8 16. Re2 Bf8 17. Rd2 Qb8 18. Qf1 g6 19. Rcd1 Bh6 20. Rc2 Qa8 21. Qe2 e5
22. Nf5 gxf5 23. Rxd6 Bf8 24. Rd1 fxe4 25. fxe4 Bc6 26. Nd5 Qb7 27. Bh3 Bg7 28.
Bf5 Bxd5 29. cxd5 Rc8 30. Rxc8 Rxc8 31. g4 Ne8 32. g5 Nd6 33. Bh3 Rc3 34. Bf1
Qc7 35. Bg2 Rc1 36. h4 Rxd1+ 37. Qxd1 Qc3 38. Qe2 Nc5 39. Kh2 b5 40. h5 Nd3 41.
Bg3 Nf4 0-1

[Event "4NCL/Div1/AD vs. GUI2"]
[Site "Coventry ENG"]
[Date "2007.01.13"]
[Round "5.8"]
[White "Lalic, Susan"]
[Black "Bellin, Jana"]
[Result "1-0"]
[WhiteElo "2348"]
[BlackElo "2142"]
[PlyCount "75"]
[EventDate "2007.01.13"]
[EventType "team"]
[EventRounds "11"]
[EventCountry "ENG"]
[WhiteTeam "Guildford-ADC 2"]
[BlackTeam "The ADs"]

1. e4 c5 2. c3 d5 3. exd5 Qxd5 4. d4 Nf6 5. Nf3 Bg4 6. Be2 Nc6 7. h3 Bh5 8. c4
Qd6 9. d5 Bxf3 10. Bxf3 Nd4 11. Be3 Nxf3+ 12. Qxf3 g6 13. Nc3 Bg7 14. O-O O-O
15. Rfe1 a6 16. Rad1 Rfe8 17. Bf4 Qd7 18. Be5 Qd8 19. Re2 Nd7 20. Bxg7 Kxg7 21.
Ne4 Nf6 22. Nxf6 exf6 23. Rxe8 Qxe8 24. d6 Rd8 25. Qd5 Qe5 26. Qd2 Rd7 27. b4
cxb4 28. Qxb4 a5 29. Qb6 Qe2 30. Qd4 Qxa2 31. c5 Qe2 32. g3 Qe5 33. Qa4 Qh5 34.
g4 Qxh3 35. Qxd7 f5 36. Qa4 fxg4 37. Qd4+ f6 38. Rd3 1-0

[Event "4NCL/Div1/SLOS1 vs. HKF1"]
[Site "Coventry ENG"]
[Date "2007.01.13"]
[Round "5.1"]
[White "Jones, Gawain C B"]
[Black "Wells, Peter K"]
[Result "1-0"]
[WhiteElo "2509"]
[BlackElo "2501"]
[PlyCount "57"]
[EventDate "2007.01.13"]
[EventType "team"]
[EventRounds "11"]
[EventCountry "ENG"]
[WhiteTeam "Slough Sharks 1"]
[BlackTeam "H Kingfisher 1"]

1. e4 c5 2. Nc3 Nc6 3. Bb5 Nd4 4. Bc4 e6 5. Nge2 Nf6 6. O-O a6 7. d3 b5 8. Bb3
Nc6 9. Bg5 Be7 10. f4 h6 11. Bxf6 Bxf6 12. e5 Be7 13. a4 Rb8 14. axb5 axb5 15.
Ne4 Bb7 16. c3 O-O 17. Kh1 d5 18. exd6 Bxd6 19. N2g3 Ne7 20. Qh5 Nd5 21. f5
Bxg3 22. fxe6 Nf4 23. exf7+ Kh8 24. Qg4 c4 25. Qxg3 Nh5 26. Qf3 cxb3 27. Qxh5
Qxd3 28. Nc5 Qc4 29. Rf6 1-0

[Event "4NCL/Div1/SLOS1 vs. HKF1"]
[Site "Coventry ENG"]
[Date "2007.01.13"]
[Round "5.2"]
[White "Gormally, Daniel W"]
[Black "Rendle, Thomas E"]
[Result "1-0"]
[WhiteElo "2535"]
[BlackElo "2366"]
[PlyCount "85"]
[EventDate "2007.01.13"]
[EventType "team"]
[EventRounds "11"]
[EventCountry "ENG"]
[WhiteTeam "H Kingfisher 1"]
[BlackTeam "Slough Sharks 1"]

1. Nf3 f5 2. d3 d6 3. e4 e5 4. Nc3 Nc6 5. d4 fxe4 6. Nxe4 d5 7. Neg5 Qe7 8.
Nxe5 Nxe5 9. dxe5 Qxe5+ 10. Be2 Nf6 11. O-O Be7 12. Re1 O-O 13. Bc4 Qd6 14. Ne4
Nxe4 15. Qxd5+ Kh8 16. Qxe4 Bf6 17. Bd3 g6 18. Bh6 Bf5 19. Bxf8 Rxf8 20. Qc4
Bxd3 21. Qxd3 Qxd3 22. cxd3 Bxb2 23. Rab1 Bd4 24. Re2 b6 25. g3 Rf3 26. Rd1 g5
27. Kg2 Rf7 28. f3 Kg7 29. Re4 c5 30. Rde1 Bf6 31. f4 gxf4 32. Rxf4 Rd7 33. Re6
Bc3 34. Rf3 b5 35. h4 a5 36. Rb6 b4 37. Rb5 Rc7 38. Rf5 a4 39. Rfxc5 Re7 40.
Rc6 Ra7 41. Rbc5 a3 42. Rb5 Kf7 43. d4 1-0